| 000 | 00320pam a2200133 a 4500 | ||
|---|---|---|---|
| 020 | _c | ||
| 041 | _h | ||
| 082 |
_a758.1 _bFOS |
||
| 100 | _aWilliam Powel . | ||
| 245 |
_aLandscapes Learn to Draw Step by Step _hTextual Documents |
||
| 260 |
_a[s.l]: _bWalter foster , _c2011. |
||
| 300 |
_a30: _bpaper. |
||
| 930 | _a7177 | ||
| 999 |
_c240967 _d240967 |
||